| 000 | 00937 a2200229 4500 | ||
|---|---|---|---|
| 001 | 11074 | ||
| 005 | 20260407155440.0 | ||
| 008 | 260407a2011 arg spa d | ||
| 003 | AR-UNSa-BCEJYS | ||
| 040 |
_aAR-UNSa-BCEJYS _bspa _cAR-UNSa-BCEJYS |
||
| 080 |
_a330.567.28 _xEconomía y Finanzas de los particulares |
||
| 245 | 1 | 0 |
_aManual de economía personal _pcómo potenciar sus ingresos e inversiones |
| 020 | _a978-987-02-5462-1 | ||
| 250 | _a8a. ed. | ||
| 264 | 1 |
_aBuenos Aires : _bDunken _c2011 |
|
| 300 |
_a167 p. _c22 cm. |
||
| 505 | _a1. Los ingresos - 2. La planificación financiera - 3. La protección financiera - 4. La planificación sucesoria | ||
| 942 | _cBK | ||
| 590 | _aniveau_biblio:m niveau_hierar:0 | ||
| 100 | 1 | _aIbáñez Padilla, Gustavo | |
| 856 | 4 | 1 |
_uhttps://biblioeco.unsa.edu.ar/pmb/images/libros/Manual de Economia Personal Como potencia sus ingresos e inversiones-l118868.jpg _yImagen de portada _qimage/jpeg |
| 999 |
_c485 _d485 |
||